[Event "POR-ch (Women)"]
[Site "Famalicao"]
[Date "2025.05.03"]
[Round "5"]
[White "Asvestopoulou, Evdokia"]
[Black "Avelino, Camila Biscaya"]
[Result "0-1"]
[WhiteElo "1858"]
[BlackElo "1932"]
[PlyCount "44"]
[EventDate "2025.05.01"]
[EventType "swiss"]
[EventRounds "6"]
[EventCountry "POR"]
[SourceTitle "CB19_2025"]
[SourceDate "2025.05.07"]
[SourceVersion "1"]
[SourceVersionDate "2025.05.07"]
[SourceQuality "1"]

1. d4 Nf6 2. c4 c5 3. d5 b5 4. cxb5 a6 5. e3 g6 6. Nf3 Bg7 7. Be2 axb5 8. 0-0 b4 9. Qc2 d6 10. e4 0-0 11. Nbd2 Nbd7 12. a4 bxa3 13. Rxa3 Rxa3 14. bxa3 Qa5 15. Nc4 Qa7 16. Bd2 Ba6 17. a4 Nb6 18. Nxb6 Bxe2 19. Rb1 Qa6 20. e5 Bd3 21. Qc1 Bxb1 22. Qxb1 Rb8 0-1

[Event "POR-ch (Women)"]
[Site "Famalicao"]
[Date "2025.05.02"]
[Round "3"]
[White "Asvestopoulou, Evdokia"]
[Black "Soares, Sara Joana de Moura"]
[Result "1/2-1/2"]
[WhiteElo "1858"]
[BlackElo "1787"]
[PlyCount "126"]
[EventDate "2025.05.01"]
[EventType "swiss"]
[EventRounds "6"]
[EventCountry "POR"]
[SourceTitle "CB19_2025"]
[SourceDate "2025.05.07"]
[SourceVersion "1"]
[SourceVersionDate "2025.05.07"]
[SourceQuality "1"]

1. d4 d5 2. c4 e6 3. Nf3 Nf6 4. g3 Bb4+ 5. Bd2 Be7 6. Bg2 0-0 7. 0-0 c6 8. Bf4 b6 9. Qc2 Bb7 10. Nbd2 Nh5 11. Bxb8 Rxb8 12. e4 dxe4 13. Nxe4 Nf6 14. Rfd1 Qc7 15. Nfg5 g6 16. Nxf6+ Bxf6 17. Ne4 Bg7 18. c5 Rfd8 19. Nd6 bxc5 20. dxc5 Be5 21. Nc4 Bd4 22. Nd6 e5 23. Rac1 Ba6 24. b3 Rd7 25. Qe4 Bxc5 26. Rxc5 Rxd6 27. Rxd6 Qxd6 28. Rxe5 Qd1+ 29. Qe1 Qxe1+ 30. Rxe1 c5 31. Bf1 Bxf1 32. Kxf1 a5 33. Re4 Kf8 34. Ke2 f5 35. Ra4 Ra8 36. Kd3 Ke7 37. Kc4 Kd6 38. Kb5 Kd5 39. f3 Rb8+ 40. Kxa5 Ra8+ 41. Kb5 Rb8+ 42. Ka6 Ra8+ 43. Kb6 Rxa4 44. bxa4 c4 45. a5 c3 46. a6 c2 47. a7 c1Q 48. a8Q+ Ke5 49. Qe8+ Kd6 50. Qf8+ Kd7 51. Qf7+ Kd6 52. Qf6+ Kd7 53. Qd4+ Ke6 54. a4 Qc8 55. f4 Qb8+ 56. Ka6 Qa8+ 57. Qa7 Qc8+ 58. Ka5 Qc3+ 59. Ka6 Qc4+ 60. Kb7 Qd5+ 61. Kb8 Qd8+ 62. Kb7 Qd5+ 63. Ka6 Qc4+ 1/2-1/2

[Event "POR-ch (Women)"]
[Site "Famalicao"]
[Date "2025.05.01"]
[Round "1"]
[White "Asvestopoulou, Evdokia"]
[Black "Fonseca, Constanca"]
[Result "1-0"]
[WhiteElo "1858"]
[BlackElo "1481"]
[PlyCount "49"]
[EventDate "2025.05.01"]
[EventType "swiss"]
[EventRounds "6"]
[EventCountry "POR"]
[SourceTitle "CB19_2025"]
[SourceDate "2025.05.07"]
[SourceVersion "1"]
[SourceVersionDate "2025.05.07"]
[SourceQuality "1"]

1. d4 d5 2. c4 e6 3. Nc3 Nf6 4. Bg5 Be7 5. Nf3 0-0 6. e3 Nbd7 7. Rc1 b6 8. cxd5 exd5 9. Bd3 Bb7 10. 0-0 c5 11. Re1 Qc7 12. Bf4 Qc6 13. e4 Bd6 14. e5 Nh5 15. Bg5 Bc7 16. g4 f6 17. gxh5 fxg5 18. Nxg5 h6 19. Bb5 hxg5 20. Bxc6 Bxc6 21. dxc5 Nxc5 22. b4 Ne6 23. Nxd5 Rad8 24. Rxc6 Nf4 25. Qb3 1-0

[Event "POR-ch (Women)"]
[Site "Famalicao"]
[Date "2025.05.01"]
[Round "2"]
[White "Duque, Raquel Dos Santos"]
[Black "Asvestopoulou, Evdokia"]
[Result "1/2-1/2"]
[WhiteElo "1954"]
[BlackElo "1858"]
[PlyCount "56"]
[EventDate "2025.05.01"]
[EventType "swiss"]
[EventRounds "6"]
[EventCountry "POR"]
[SourceTitle "CB19_2025"]
[SourceDate "2025.05.07"]
[SourceVersion "1"]
[SourceVersionDate "2025.05.07"]
[SourceQuality "1"]

1. d4 Nf6 2. Nf3 e6 3. g3 d5 4. Bg2 b5 5. 0-0 Nbd7 6. a4 b4 7. c4 bxc3 8. bxc3 Ba6 9. Re1 Be7 10. Nbd2 Rc8 11. Nb3 0-0 12. Bg5 Ne4 13. Bxe7 Qxe7 14. Rc1 c5 15. Nbd2 cxd4 16. Nxe4 dxe4 17. Nxd4 Nc5 18. Qc2 e5 19. Nf5 Qf6 20. Bxe4 Nxe4 21. Qxe4 Rc4 22. Qb1 Rxa4 23. Ne3 Qe6 24. Qc2 Ra2 25. Qd1 h6 26. c4 Rc8 27. Qb3 Ra5 28. Ra1 Rxa1 1/2-1/2

[Event "GRE-chT 51st"]
[Site "Trikala"]
[Date "2024.07.09"]
[Round "6.5"]
[White "Gkoutzouki, Aikaterini Argyro"]
[Black "Asvestopoulou, Evdokia"]
[Result "0-1"]
[WhiteElo "2019"]
[BlackElo "1840"]
[PlyCount "134"]
[EventDate "2024.07.04"]
[EventType "team-swiss"]
[EventRounds "7"]
[EventCountry "GRE"]
[SourceTitle "CBM 221 Extra"]
[Source "ChessBase"]
[SourceDate "2024.09.30"]
[SourceVersion "1"]
[SourceVersionDate "2024.09.30"]
[SourceQuality "1"]
[WhiteTeam "Evoiki ES"]
[BlackTeam "Peiraikos OS"]
[WhiteTeamCountry "GRE"]
[BlackTeamCountry "GRE"]

1. d4 Nf6 2. Nf3 e6 3. c4 Bb4+ 4. Nbd2 b6 5. a3 Bxd2+ 6. Qxd2 Bb7 7. e3 a5 8. b3 d6 9. Be2 Nbd7 10. Bb2 Qe7 11. 0-0 0-0 12. Rfd1 Ne4 13. Qc2 f5 14. Rac1 Ndf6 15. Ne1 Ng4 16. Bxg4 fxg4 17. f3 gxf3 18. Nxf3 Rxf3 19. gxf3 Qg5+ 20. Kf1 Qxe3 21. Qe2 Qf4 22. d5 exd5 23. Qg2 Ng5 24. cxd5 Ba6+ 25. Kg1 Qe3+ 26. Kh1 Be2 27. Re1 Re8 28. Bd4 Qxc1 29. Rxc1 Bxf3 30. Rxc7 Re1+ 31. Bg1 h6 32. Rc3 Bxg2+ 33. Kxg2 Re2+ 34. Kf1 Rd2 35. Bxb6 Rxd5 36. Ke2 Rb5 37. Bc7 d5 38. a4 Ne4 39. axb5 Nxc3+ 40. Kd3 Nxb5 41. Bxa5 Kf7 42. Be1 Ke6 43. Bg3 Kf5 44. b4 Kg4 45. Ke3 g6 46. Bb8 g5 47. Bg3 Kf5 48. Kd3 h5 49. Bb8 h4 50. Ke3 g4 51. Kd3 d4 52. Kd2 Ke4 53. Ke2 Na3 54. Bc7 d3+ 55. Kd1 Kd4 56. Bf4 Kc4 57. Be3 Kxb4 58. Bf2 h3 59. Kd2 Kc4 60. Ke3 Nc2+ 61. Kd2 Nd4 62. Bg3 Nf3+ 63. Kd1 Kd4 64. Bc7 Ke3 65. Bg3 Ng1 66. Bc7 Ne2 67. Bb6+ Kf3 0-1

[Event "GRE-chT 51st"]
[Site "Trikala"]
[Date "2024.07.05"]
[Round "2.5"]
[White "Pavlidou, Ekaterini"]
[Black "Asvestopoulou, Evdokia"]
[Result "1-0"]
[WhiteElo "2150"]
[BlackElo "1840"]
[PlyCount "65"]
[EventDate "2024.07.04"]
[EventType "team-swiss"]
[EventRounds "7"]
[EventCountry "GRE"]
[SourceTitle "CBM 221 Extra"]
[Source "ChessBase"]
[SourceDate "2024.09.30"]
[SourceVersion "1"]
[SourceVersionDate "2024.09.30"]
[SourceQuality "1"]
[WhiteTeam "Machites OI"]
[BlackTeam "Peiraikos OS"]
[WhiteTeamCountry "GRE"]
[BlackTeamCountry "GRE"]

1. d4 Nf6 2. Nf3 e6 3. c4 Bb4+ 4. Bd2 Qe7 5. Nc3 d6 6. Qc2 0-0 7. a3 Bxc3 8. Bxc3 Nbd7 9. e3 e5 10. Be2 exd4 11. Nxd4 g6 12. 0-0-0 Ne4 13. Be1 c5 14. Nb5 Ndf6 15. f3 a6 16. Nc3 Nxc3 17. Qxc3 Re8 18. e4 Nh5 19. Qd2 Be6 20. g4 Bxg4 21. fxg4 Qxe4 22. Rf1 Ng7 23. Bd3 Qxg4 24. Rf4 Qe6 25. Re4 Qh3 26. Rh4 Qe3 27. Bg3 Rad8 28. Qxe3 Rxe3 29. Re4 Rxe4 30. Bxe4 Nf5 31. Bxf5 gxf5 32. Bxd6 Rc8 33. Rg1+ 1-0

[Event "Lisbon Portugal op"]
[Site "Lisbon"]
[Date "2018.02.03"]
[Round "1"]
[White "Ermeni, Avni"]
[Black "Asvestopoulou, Evdokia"]
[Result "1-0"]
[WhiteElo "2214"]
[BlackElo "1685"]
[PlyCount "59"]
[EventDate "2018.02.03"]
[EventType "swiss"]
[EventRounds "9"]
[EventCountry "POR"]
[SourceTitle "EXT 2019"]
[Source "ChessBase"]
[SourceDate "2018.10.10"]
[SourceVersion "1"]
[SourceVersionDate "2018.10.10"]
[SourceQuality "1"]

1. e4 c5 2. Nc3 Nc6 3. f4 g6 4. Nf3 Bg7 5. Bb5 e6 6. Bxc6 bxc6 7. 0-0 d5 8. d3 Ne7 9. Qe1 0-0 10. Kh1 a5 11. Qh4 Ba6 12. f5 exf5 13. e5 d4 14. Bg5 Re8 15. Na4 Qc7 16. Nxc5 Nd5 17. Qxd4 h6 18. Bf6 Bxf6 19. exf6 Qd8 20. Rfe1 Rxe1+ 21. Rxe1 Qxf6 22. c4 Qxd4 23. Nxd4 Nc7 24. Re7 Ne6 25. Ndxe6 fxe6 26. Rxe6 Kf7 27. Rxc6 Ke8 28. Kg1 Bc8 29. d4 f4 30. Nd3 1-0

[Event "GRE-chT 44th"]
[Site "Achaia"]
[Date "2016.07.10"]
[Round "7.4"]
[White "Asvestopoulou, Evdokia"]
[Black "Antova, Gabriela"]
[Result "0-1"]
[WhiteElo "1677"]
[BlackElo "2292"]
[PlyCount "42"]
[EventDate "2016.07.05"]
[EventType "team-swiss"]
[EventRounds "7"]
[EventCountry "GRE"]
[SourceTitle "CBM 173 Extra"]
[Source "ChessBase"]
[SourceDate "2016.08.29"]
[SourceVersion "1"]
[SourceVersionDate "2016.08.29"]
[SourceQuality "1"]
[WhiteTeam "Peiraikos PG"]
[BlackTeam "Chania Chess Academy"]
[WhiteTeamCountry "GRE"]
[BlackTeamCountry "GRE"]

1. d4 Nf6 2. c4 c5 3. d5 e6 4. Nc3 exd5 5. cxd5 d6 6. e4 g6 7. Nf3 Bg7 8. h3 0-0 9. Bd3 b5 10. Nxb5 Re8 11. Nc3 Nxe4 12. Bxe4 f5 13. 0-0 fxe4 14. Nd2 Qh4 15. Qa4 Bd7 16. Qc4 Bf5 17. Nb5 Bxh3 18. gxh3 Qxh3 19. Qe2 Re5 20. f4 exf3 21. Qxf3 Rg5+ 0-1

[Event "GRE-chT 44th"]
[Site "Achaia"]
[Date "2016.07.05"]
[Round "1.12"]
[White "Asvestopoulou, Evdokia"]
[Black "Antoniadou, Paraskevi"]
[Result "0-1"]
[WhiteElo "1677"]
[BlackElo "1705"]
[PlyCount "68"]
[EventDate "2016.07.05"]
[EventType "team-swiss"]
[EventRounds "7"]
[EventCountry "GRE"]
[SourceTitle "CBM 173 Extra"]
[Source "ChessBase"]
[SourceDate "2016.08.29"]
[SourceVersion "1"]
[SourceVersionDate "2016.08.29"]
[SourceQuality "1"]
[WhiteTeam "Peiraikos PG"]
[BlackTeam "Florinas OP"]
[WhiteTeamCountry "GRE"]
[BlackTeamCountry "GRE"]

1. d4 d5 2. c4 c6 3. cxd5 cxd5 4. Nc3 Nf6 5. Nf3 Nc6 6. Bf4 e6 7. e3 a6 8. Be2 Bd6 9. Bxd6 Qxd6 10. 0-0 0-0 11. Rc1 b6 12. Na4 Nd7 13. Bd3 f5 14. Qe2 Bb7 15. a3 Qe7 16. Rc3 b5 17. Nc5 Nxc5 18. Rxc5 e5 19. Nd2 exd4 20. Rxd5 Qe6 21. Rc5 Rae8 22. Re1 Qg6 23. e4 Ne5 24. f3 fxe4 25. Bxe4 Bxe4 26. fxe4 Qd6 27. Rec1 d3 28. Qe3 Ng4 29. e5 Nxe5 30. Ne4 Qg6 31. Kh1 Ng4 32. Qxd3 Qxe4 33. Qxe4 Rxe4 34. h3 Nf2+ 0-1

[Event "GRE-ch U20 Girls"]
[Site "Thessaloniki"]
[Date "2014.01.07"]
[Round "6"]
[White "Vatkali, Dimitra"]
[Black "Asvestopoulou, Evdokia"]
[Result "1-0"]
[WhiteElo "1999"]
[BlackElo "1651"]
[PlyCount "41"]
[EventDate "2014.01.02"]
[EventType "tourn"]
[EventRounds "7"]
[EventCountry "GRE"]
[SourceTitle "EXT 2016"]
[Source "ChessBase"]
[SourceDate "2015.10.08"]
[SourceVersion "1"]
[SourceVersionDate "2015.10.08"]
[SourceQuality "1"]

1. e4 c5 2. Nf3 Nc6 3. Bb5 e6 4. Bxc6 bxc6 5. d3 Ne7 6. b3 d6 7. Bb2 e5 8. 0-0 Ng6 9. c3 Ba6 10. Re1 Be7 11. d4 cxd4 12. cxd4 exd4 13. Nxd4 Ne5 14. Nf5 0-0 15. f4 Nd3 16. Bxg7 Bf6 17. Qg4 Qb6+ 18. Re3 h5 19. Qg3 Kh7 20. Bxf6 Rg8 21. Qh4 1-0

[Event "GRE-chT 40th"]
[Site "Achaia"]
[Date "2012.07.03"]
[Round "5.5"]
[White "Tsarouha, Marianthi"]
[Black "Asvestopoulou, Evdokia"]
[Result "1-0"]
[WhiteElo "1811"]
[BlackElo "1599"]
[PlyCount "61"]
[EventDate "2012.06.30"]
[EventType "team-swiss"]
[EventRounds "7"]
[EventCountry "GRE"]
[SourceTitle "CBM 149 Extra"]
[Source "ChessBase"]
[SourceDate "2012.08.24"]
[SourceVersion "1"]
[SourceVersionDate "2012.08.24"]
[SourceQuality "1"]
[WhiteTeam "Chania ADA"]
[BlackTeam "Peiraikos"]
[WhiteTeamCountry "GRE"]
[BlackTeamCountry "GRE"]

1. d4 e6 2. c4 b6 3. Nc3 Bb7 4. Nf3 Nf6 5. Bg5 Bb4 6. Qc2 h6 7. Bh4 0-0 8. e3 d6 9. Bd3 Nbd7 10. 0-0 Bxc3 11. Qxc3 Qe8 12. Qc2 e5 13. Nd2 Qe6 14. Bf5 Qe8 15. Rac1 Kh8 16. d5 g6 17. Ne4 Nh7 18. Bxd7 Qxd7 19. Nf6 Nxf6 20. Bxf6+ Kh7 21. f4 exf4 22. Rxf4 Rg8 23. Rcf1 b5 24. Bg5 Kg7 25. Qc3+ Kf8 26. Bxh6+ Ke8 27. Re4+ Kd8 28. Bg5+ Kc8 29. Re7 b4 30. Qxb4 c5 31. Qa5 1-0

[Event "GRE-ch U18 Girls"]
[Site "Nikaia"]
[Date "2012.01.04"]
[Round "3"]
[White "Anthopoulou, Ioanna"]
[Black "Asvestopoulou, Evdokia"]
[Result "0-1"]
[WhiteElo "1315"]
[BlackElo "1591"]
[PlyCount "48"]
[EventDate "2012.01.03"]
[EventType "swiss"]
[EventRounds "9"]
[EventCountry "GRE"]
[SourceTitle "CBM 146 Extra"]
[Source "ChessBase"]
[SourceDate "2012.02.29"]
[SourceVersion "1"]
[SourceVersionDate "2012.02.29"]
[SourceQuality "1"]

1. d4 Nf6 2. Nf3 c5 3. Bf4 e6 4. e3 Nc6 5. Be2 Be7 6. c4 0-0 7. Nc3 a6 8. a4 Nh5 9. Bg3 f5 10. 0-0 g5 11. h3 Nxg3 12. fxg3 Qc7 13. Kh2 h5 14. d5 Nb4 15. Qd2 h4 16. Kg1 Qxg3 17. e4 Bf6 18. e5 g4 19. hxg4 h3 20. Rf2 fxg4 21. Nh2 Bh4 22. Rxf8+ Kxf8 23. Qh6+ Kg8 24. Rf1 Qxg2# 0-1

[Event "GRE-chT 39th"]
[Site "Eretria"]
[Date "2011.07.06"]
[Round "5.10"]
[White "Asvestopoulou, Evdokia"]
[Black "Hnara, Maria Danai"]
[Result "0-1"]
[WhiteElo "1583"]
[BlackElo "1645"]
[PlyCount "94"]
[EventDate "2011.07.03"]
[EventType "team-swiss"]
[EventRounds "7"]
[EventCountry "GRE"]
[SourceTitle "CBM 143 Extra"]
[Source "ChessBase"]
[SourceDate "2011.08.29"]
[SourceVersion "1"]
[SourceVersionDate "2011.08.29"]
[SourceQuality "1"]
[WhiteTeam "Peiraikos"]
[BlackTeam "Chania Kydon"]
[WhiteTeamCountry "GRE"]
[BlackTeamCountry "GRE"]

1. d4 Nf6 2. c4 g6 3. Nc3 Bg7 4. e4 d6 5. f3 a6 6. Be3 c6 7. a4 a5 8. Qd2 Na6 9. Bd3 Nb4 10. Nge2 0-0 11. 0-0 b6 12. Rfd1 Nd7 13. Rac1 Nxd3 14. Qxd3 Ba6 15. b3 Qc7 16. Nb5 Qb7 17. Rc2 Rac8 18. Rdc1 Qb8 19. Nbc3 Rfd8 20. Qd1 Qa7 21. Rd2 Qb8 22. Rdc2 Qa8 23. d5 c5 24. f4 Bb7 25. Qf1 Nf6 26. Qf3 e6 27. g4 exd5 28. exd5 Re8 29. Ng3 Nxg4 30. Qxg4 Rxe3 31. Nb5 Qb8 32. Rg2 Rce8 33. f5 Qd8 34. fxg6 fxg6 35. Rf1 Re1 36. Rgf2 Ba6 37. Rxe1 Rxe1+ 38. Kg2 Bxb5 39. axb5 Bd4 40. Rf3 Qe7 41. Nf5 Qg5 42. Nh6+ Kg7 43. Nf5+ Qxf5 44. Qxf5 gxf5 45. Rxf5 Re3 46. Rf3 Re2+ 47. Kh1 Be5 0-1